| 000 | 00350nam a2200133Ia 4500 | ||
|---|---|---|---|
| 008 | 210716s2000 xx 000 0 und d | ||
| 041 | _aeng | ||
| 082 | _a003.55 JAIS | ||
| 100 | _aJaiswal S. | ||
| 245 | _aFundamentals of information technology. | ||
| 250 | _a1 | ||
| 260 |
_aNew Delhi _bGalgotia publications pvt ltd. _c2000 |
||
| 300 | _axxxvii,841 | ||
| 999 |
_c184103 _d184103 |
||